Guess the Niall Horan song with no hints #14 - Statistics

General Stats
  • This quiz has been taken 21 times
  • The average score is 143 of 236
Answer Stats
Answer % Correct
a
100%
I
100%
the
100%
The
100%
you
100%
He
94%
he
94%
love
94%
love,
94%
on
94%
like
88%
And
81%
and
81%
are
81%
in
81%
me
81%
my
81%
to
81%
To
81%
When
81%
hear
75%
night
75%
so
75%
been
69%
But
69%
ever
69%
have
69%
heart
69%
her
69%
her,
69%
know
69%
She
69%
she
69%
did
63%
said,
63%
You're
63%
feel
56%
could
50%
door
50%
eyes
50%
for
50%
hold
50%
Just
50%
looks
50%
need
50%
wants
50%
As
44%
away,
44%
body
44%
closed
44%
closer
44%
come
44%
hope
44%
into
44%
knows
44%
little
44%
mirror
44%
shakin'
44%
she's
44%
start
44%
touch
44%
alive
38%
beautiful,
38%
before
38%
behind
38%
bones
38%
breakin',
38%
coffee's
38%
cold
38%
enough
38%
face
38%
feels
38%
floor
38%
hides
38%
loud
38%
nobody
38%
skin
38%
someone
38%
told?
38%
walks
38%
around
31%
fight
31%
nobody's
31%
side
31%
smile
31%
starts
31%
while
31%
Wishing
31%
breaks
25%
shy
25%
slowly
25%
tired,
25%
blue,
19%
haven't
19%
skies
19%
turned
19%
(Woah)
13%
No matching quizzes found
Score Distribution
Percent of People with Each Score
Percentile by Number Answered
Your Score History
You have not taken this quiz